| 000 | 00000nam 2200000za 4500 |
| 001 | 9.699641 |
| 003 | CaOODSP |
| 005 | 20221107134531 |
| 007 | cr ||||||||||| |
| 008 | 150407s2001 oncac o f000 0 eng d |
| 020 | |a978-0-660-20293-8|z0-7710-2101-1 |
| 040 | |aCaOODSP|beng |
| 043 | |an-cn---|an-us--- |
| 086 | 1 |aCH4-55/2001E-PDF |
| 245 | 02|aA diary between friends |h[electronic resource]. |
| 260 | |aToronto : |bCanadian Heritage, |cc2001. |
| 300 | |a143 p. : |bill. photographs |
| 500 | |aIssued also in French under title: Journal d'une amitié. |
| 500 | |aDigitized by Publishing and Depository Services, Public Works and Government Services Canada, 2014. |
| 520 | |a"A diary between friends is a book that begins the moment thousands of passengers and crew became the "guests" of tiny hamlets in Newfoundland and Labrador, and several cities throughout Canada. It is a moving account, which connects grief and generosity with values and commitments"--Front jacket. |
| 550 | |aCo-published by Alliance Atlantis and McClelland & Stewart. |
| 590 | |a14-18-Supp|b2014-10-15 |
| 690 | 07|aCanadian-American relations|2gcpds |
| 690 | 07|aInternational security|2gcpds |
| 690 | 07|aTerrorism|2gcpds |
| 710 | 1 |aCanada. |bCanadian Heritage. |
| 710 | 2 |aMcClelland and Stewart Limited. |
| 710 | 2 |aAlliance Atlantis (Firm) |
| 775 | 08|tJournal d'une amitié |w(CaOODSP)9.643616 |
| 776 | 0#|tA diary between friends / |w(CaOODSP)9.648399 |
| 856 | 40|ahttp://publications.gc.ca|qPDF|s68.89 MB|uhttps://publications.gc.ca/collections/collection_2014/pc-ch/CH4-55-2001-eng.pdf |